000 01663nam a22003374i 4500
001 991061739536706706
003 ES-BaIT
005 20260422123642.0
008 260410e202511 spc f 000 i spa c
017 _aDL B 16696-2025
_bBiblioteca de Catalunya
020 _a9788494747434
040 _aES-BaIT
_bcat
_erda
_cES-BaIT
041 1 _aspa
_hfre
080 _a793.4
100 1 _aNoverre, Jean Georges,
_d1727-1810
_eautor
_936439
240 1 _aLettres sur la danse et sur les ballets.
_lCastellà
_9169281
245 1 0 _aCartas sobre la danza y los ballets /
_cJean Georges Noverre ; traducción de José Ma. López
250 _aPrimera edición
264 1 _aBarcelona :
_bEditorial Ceamic,
_cnoviembre 2025
300 _a221 pàgines ;
_c23 cm
336 _atext
_btxt
_2rdacontent
337 _asense mediació
_bn
_2rdamedia
338 _avolum
_bnc
_2rdacarrier
520 _a"En esta traducción de la obra "Lettres sur la danse et sur les ballets" están plasmadas las reflexiones del visionario bailarín y coreógrafo Jean Georges Noverre sobre la naturaleza del arte en movimiento. Sus cartas son un testimonio perdurable de su pasión por transformar el ballet en una forma de arte más profunda y significativa. Esta obra es un tesoro para bailarines, coreógrafos y amantes de la danza que buscan comprender cómo esta disciplina adquirió la riqueza que la hace tan especial." -- Amazon
600 1 4 _aNoverre, Jean Georges,
_d1727-1810
_xEpistolaris
_955693
650 0 _aDansa clàssica
_yS. XVIII
_9117802
700 1 _aLopez Santamaría, José María
_etraductor
_9162541
908 _aCDMAE
940 _aCVA38
942 _2udc
_c1
999 _c137387
_d137387